[Event "BRA-ch 90th"]
[White "Magalhaes, Gleidson Castelo Br"]
[Black "Moura, Pedro Diender Lessa"]
[Site "Natal"]
[Round "11"]
[Result "1-0"]
[Date "2024.12.21"]
[WhiteElo "1818"]
[BlackElo "1631"]
[PlyCount "151"]
[EventDate "2024.12.13"]
[EventType "swiss"]
[EventRounds "11"]
[EventCountry "BRA"]
[SourceTitle "CB52_2024"]
[SourceDate "2024.12.25"]
[SourceVersion "1"]
[SourceVersionDate "2024.12.25"]
[SourceQuality "1"]

1. e4 c5 2. Nf3 d6 3. Nc3 Nf6 4. Bc4 e6 5. 0-0 Be7 6. d3 a6 7. a3 b5 8. Ba2 Bb7 9. Ne2 d5 10. e5 Nfd7 11. Ng3 Nc6 12. Re1 0-0 13. c3 Rc8 14. d4 cxd4 15. cxd4 Nb6 16. b3 b4 17. a4 Rc7 18. Bb1 a5 19. Qd3 g6 20. Bh6 Re8 21. h3 Bf8 22. Bxf8 Rxf8 23. Nh2 Nd7 24. Ng4 Ne7 25. Qd2 Nf5 26. Bxf5 exf5 27. Nh2 Re8 28. Nf3 f6 29. exf6 Rxe1+ 30. Rxe1 Nxf6 31. Qg5 Rc8 32. Nxf5 Rc7 33. Ne5 Bc8 34. Nh6+ Kg7 35. Nhg4 Bxg4 36. Nxg4 Qd6 37. Nxf6 Qxf6 38. Qxd5 Rc2 39. Qe5 Rxf2 40. Qxf6+ Rxf6 41. Re5 Rd6 42. Rxa5 Rxd4 43. Rb5 Kf6 44. a5 Ke6 45. a6 Kd6 46. a7 Rd1+ 47. Kf2 Ra1 48. Rxb4 Rxa7 49. Kg3 Ra5 50. Kg4 Ra2 51. g3 Ra5 52. h4 h5+ 53. Kh3 Ra6 54. Kg2 Ra2+ 55. Kf3 Ke5 56. Rb5+ Kf6 57. b4 Ra3+ 58. Kf4 Ra1 59. Rb6+ Kf7 60. Kg5 Rg1 61. Rb7+ Ke6 62. Kxg6 Rxg3+ 63. Kxh5 Kd6 64. Rb5 Kc6 65. Rg5 Rb3 66. b5+ Kb6 67. Kg6 Rd3 68. Kh6 Rh3 69. h5 Rd3 70. Rf5 Rg3 71. Kh7 Rd3 72. h6 Rd7+ 73. Kg6 Rd1 74. h7 Rg1+ 75. Rg5 Rh1 76. Kg7 1-0

[Event "BRA-ch 90th"]
[White "Pires, Washington Gabriel"]
[Black "Moura, Pedro Diender Lessa"]
[Site "Natal"]
[Round "8"]
[Result "0-1"]
[Date "2024.12.18"]
[WhiteElo "1910"]
[BlackElo "1631"]
[PlyCount "49"]
[EventDate "2024.12.13"]
[EventType "swiss"]
[EventRounds "11"]
[EventCountry "BRA"]
[SourceTitle "CB52_2024"]
[SourceDate "2024.12.25"]
[SourceVersion "1"]
[SourceVersionDate "2024.12.25"]
[SourceQuality "1"]

1. d4 Nf6 2. c4 g6 3. Nc3 d5 4. Bg5 Ne4 5. Nxe4 dxe4 6. e3 Bg7 7. Qc2 Bf5 8. g4 Bxg4 9. Qxe4 Bd7 10. 0-0-0 Nc6 11. a3 Bf5 12. Qg2 Na5 13. Bd3 Bxd3 14. Rxd3 Nxc4 15. Qxb7 0-0 16. Qc6 Nd6 17. Ne2 Rb8 18. Nc3 h6 19. Bf4 Rb6 20. Qc5 Qc8 21. Rd2 Qb7 22. Re1 Rb8 23. Ree2 Ne4 24. Qxc7 Nxd2 25. Qxb7 0-1

[Event "BRA-ch 90th"]
[White "Da Silva, Giovanni B Tavares"]
[Black "Moura, Pedro Diender Lessa"]
[Site "Natal"]
[Round "1"]
[Result "1-0"]
[Date "2024.12.13"]
[WhiteElo "2095"]
[BlackElo "1631"]
[PlyCount "44"]
[EventDate "2024.12.13"]
[EventType "swiss"]
[EventRounds "11"]
[EventCountry "BRA"]
[SourceTitle "CB52_2024"]
[SourceDate "2024.12.25"]
[SourceVersion "1"]
[SourceVersionDate "2024.12.25"]
[SourceQuality "1"]

1. e4 c5 2. Nf3 d6 3. d4 cxd4 4. Nxd4 Nf6 5. Nc3 a6 6. Be3 e5 7. Nb3 Be7 8. f3 b5 9. g4 Bb7 10. Qd2 Nbd7 11. g5 Nh5 12. Nd5 Nc5 13. Nxe7 Qxe7 14. 0-0-0 Nxb3+ 15. axb3 Rd8 16. Bb6 Nf4 17. Bxd8 Qxd8 18. Qxd6 Qxg5 19. Qb8+ Ke7 20. Qxb7+ Kf6 21. h4 Qh6 22. Kb1 Ne6 1-0

[Event "BRA-ch 90th"]
[White "Moura, Pedro Diender Lessa"]
[Black "Cavalcante, Amanda Melo Moreira"]
[Site "Natal"]
[Round "2"]
[Result "1-0"]
[Date "2024.12.13"]
[WhiteElo "1631"]
[BlackElo "1657"]
[PlyCount "47"]
[EventDate "2024.12.13"]
[EventType "swiss"]
[EventRounds "11"]
[EventCountry "BRA"]
[SourceTitle "CB52_2024"]
[SourceDate "2024.12.25"]
[SourceVersion "1"]
[SourceVersionDate "2024.12.25"]
[SourceQuality "1"]

1. e4 e5 2. Nf3 Nc6 3. Bb5 Nf6 4. d3 d5 5. Nxe5 dxe4 6. Nxc6 bxc6 7. Bxc6+ Bd7 8. Bxa8 Qxa8 9. dxe4 Qxe4+ 10. Qe2 Qxe2+ 11. Kxe2 Bd6 12. Nc3 0-0 13. Be3 Re8 14. h3 c6 15. Kd2 Nd5 16. Nxd5 cxd5 17. Bxa7 Bf4+ 18. Be3 Be5 19. c3 Ra8 20. b4 Rc8 21. Bd4 Bb8 22. Rhe1 Rc6 23. Re7 Bf5 24. Re8# 1-0